El Dundo y la Hija del Rey /
Salvato in:
| Autore principale: | |
|---|---|
| Natura: | Sconosciuto |
| Lingua: | Spanish |
| Soggetti: | |
| Tags: |
Aggiungi Tag
Nessun Tag, puoi essere il primo ad aggiungerne!!
|
MARC
| LEADER | 000000000a22000000004500 | ||
|---|---|---|---|
| 001 | 006119 | ||
| 041 | 0 | |a spa | |
| 100 | 1 | |a Rodríguez, Antonio | |
| 245 | 1 | 3 | |a El Dundo y la Hija del Rey / |c Antonio Rodríguez. |
| 650 | 4 | |a LITERATURA HONDUREÑA | |
| 650 | 4 | |a CUENTO | |
| 773 | 0 | |d Honduras : Centro Editorial |t Imaginación: Revista de Narrativa Hondureña |g (1989), páginas 3-7 | |
| 942 | |c ARC | ||
| 999 | |c 12749 |d 12749 | ||
